Contracting singular cycles

Uloženo v:
Podrobná bibliografie
Hlavní autor: San Martín rebolledo, Bernardo (Autor)
Médium: Kniha
Jazyk:angličtina
Vydáno: Antofagasta Universidad Católica del Norte 1997
Témata:
Tagy: Přidat tag
Žádné tagy, Buďte první, kdo vytvoří štítek k tomuto záznamu!

MARC

LEADER 00000nam a2200000 a 4500
001 UCP5637
003 CL-VaPUC
008 990927e19970000CL |||||||||||||||||eng|d
082 0 4 |a 512.7  |b SAN  |2 21 
100 0 |a San Martín rebolledo, Bernardo  |e author  |9 434126 
245 1 0 |a Contracting singular cycles 
300 |a 9 p 
942 |c BK 
945 |d 19990927 00:00:00  |a rbrito 
260 |a Antofagasta  |b Universidad Católica del Norte  |c 1997 
650 0 |a Teoría de números  |9 265327 
650 0 |a Números   |9 265328 
583 |a last modification  |c 19990927 00:00:00  |k Rodrigo Vera 
999 |c 283334  |d 283332